Normal view
MARC view
- David v. Widder
Entry Personal Name
001 - CONTROL NUMBER
- control field: 23964
003 - CONTROL NUMBER IDENTIFIER
- control field: NUST
005 - DATE AND TIME OF LATEST TRANSACTION
- control field: 20191015125737.0
008 - FIXED-LENGTH DATA ELEMENTS
- fixed length control field: 191015|| aca||aabn | a|a d
040 ## - CATALOGING SOURCE
- Original cataloging agency: NUST
- Transcribing agency: NUST
100 ## - HEADING--PERSONAL NAME
- Personal name: David v. Widder
670 ## - SOURCE DATA FOUND
- Source citation: Work cat.: (NUST): David v. Widder, Advanced Calculus(Second Edition), 2007
